[Event "Czechia KP-chTB 0607"]
[Site "Czech Republic"]
[Date "2007.02.04"]
[Round "7.5"]
[White "Dolezal, Radoslav1111"]
[Black "Jirk, Jindrich"]
[Result "1-0"]
[WhiteElo "2016"]
[BlackElo "1853"]
[PlyCount "87"]
[EventDate "2006.10.29"]
[EventType "team"]
[EventRounds "11"]
[EventCountry "CZE"]
[SourceTitle "EXT 2008"]
[Source "ChessBase"]
[SourceDate "2007.11.25"]
[SourceVersion "1"]
[SourceVersionDate "2007.11.25"]
[SourceQuality "1"]
[WhiteTeam "Ricany II"]
[BlackTeam "Lysa nad Labem"]
[WhiteTeamCountry "CZE"]
[BlackTeamCountry "CZE"]

1. e4 e6 2. d4 d5 3. Nd2 c5 4. Ngf3 Nc6 5. c3 cxd4 6. cxd4 dxe4 7. Nxe4 Bb4+ 8. Bd2 Qa5 9. Nd6+ Ke7 10. Nc4 Bxd2+ 11. Ncxd2 Nf6 12. a3 Rd8 13. b4 Qd5 14. Bc4 Qd6 15. Nb3 Kf8 16. 0-0 b6 17. Qe2 Bb7 18. Ne5 Ne7 19. Rfe1 Bd5 20. Nd2 Nf5 21. Bxd5 Qxd5 22. Ndf3 Rdc8 23. Rad1 Nd6 24. Rd3 Rc7 25. g4 Qe4 26. Qd2 Qb7 27. Ng5 Rac8 28. Qf4 Rc3 29. Nxe6+ fxe6 30. g5 Nf5 31. gxf6 gxf6 32. Rxc3 Rxc3 33. Ng4 Kf7 34. Qd2 Rf3 35. Nh6+ Kg6 36. Nxf5 Rxf5 37. f4 Qf3 38. Rf1 Qg4+ 39. Kh1 Kh5 40. Qe3 e5 41. dxe5 fxe5 42. Rg1 Qh4 43. Rg3 exf4 44. Qf3+ 1-0

[Event "CZE-chT3A Middle 0506  "]
[Site "Czech Republic"]
[Date "2006.02.19"]
[Round "8.7"]
[White "Soltys, Jiri"]
[Black "Jirk, Jindrich"]
[Result "1/2-1/2"]
[WhiteElo "2028"]
[BlackElo "1847"]
[PlyCount "108"]
[EventDate "2005.10.30"]
[EventType "team"]
[EventRounds "11"]
[EventCountry "CZE"]
[SourceTitle "EXT 2009"]
[Source "ChessBase"]
[SourceDate "2008.11.26"]
[SourceVersion "1"]
[SourceVersionDate "2008.11.26"]
[SourceQuality "1"]

1. c4 e5 2. Nc3 Nf6 3. g3 Bb4 4. Nd5 a5 5. Bg2 d6 6. e3 0-0 7. Ne2 Re8 8. 0-0 Nxd5 9. cxd5 Bc5 10. b3 c6 11. Bb2 cxd5 12. Bxd5 Nd7 13. d4 Bb6 14. dxe5 dxe5 15. Bg2 Qe7 16. Nc3 Nf6 17. Nd5 Nxd5 18. Qxd5 Rb8 19. Qb5 Bc7 20. Rac1 Bd7 21. Qc4 Bb6 22. Rfd1 Rbc8 23. Qd5 Rxc1 24. Rxc1 Bc6 25. Qc4 e4 26. Rd1 Qe6 27. Qxe6 Rxe6 28. Bh3 Re8 29. Rd6 Rd8 30. Rxd8+ Bxd8 31. Kf1 b5 32. Ke1 b4 33. Bf1 Kf8 34. Bd4 g6 35. Bc4 Ke8 36. Kd2 Be7 37. Bc5 h6 38. a3 bxa3 39. Bxa3 f6 40. Bc5 Bd8 41. Kc3 f5 42. Bd4 h5 43. Be6 Bb5 44. Bc4 Bc6 45. Ba6 Bd7 46. Bb7 Bb5 47. Bd5 Bc7 48. Bh8 Bb6 49. Be5 Ke7 50. Bd4 Bc7 51. Bc5+ Kf6 52. Bb7 Ke6 53. Ba7 Be5+ 54. Bd4 Bc7 1/2-1/2